00877nam a22001817a 4500003000400000008004100004020001800045082001700063245008300080260005600163300001400219650009800233700002100331942001200352999001700364952015700381952015700538OSt260602b |||||||| |||| 00| 0 eng d a9789353874001 a664.07bA39F aFundamentals of Food Quality, Safety & Analysis/bby Syed Mazar Ali...[et al.] aNew Delhi:bSatish Serial Publishing House, c2026. ax, 350 p. aTechnology (Applied Sciences) | Chemical and Related Technologies | Food Technology | Quality aAli, Syed Mazar  2ddccBK c51166d51166 00102ddc4070aRAUbRAUcGENd2026-06-02eDelight Book Agency g3950.00l0o664.07 A39Fp87256r2026-06-02w2026-01-29yBKkBill No. DBS/0262025-2026  00102ddc4070aRAUbRAUcGENd2026-06-02eDelight Book Agency g3950.00l0o664.07 A39Fp87257r2026-06-02w2026-01-29yBKkBill No. DBS/0262025-2026